Cargando...

Genetic control of immune resposiveness : relationship todisease susceptibility

Detalles Bibliográficos
Autores principales: Hugh O Mc devitt, Maurice Landy
Formato: Printed Book
Lenguaje:Undetermined
Publicado: Academic press 1972
London
Materias:
LEADER 00768nam a2200253Ia 4500
008 141122s9999 xx 000 0 und d
020 |a 124832504 
040 |c . 
041 |a English 
082 |a 616.079 
082 |b MCD/GE 
100 |a Hugh O Mc devitt 
100 |a Maurice Landy 
245 |a Genetic control of immune resposiveness : relationship todisease susceptibility 
245 |c Hugh O Mc devitt 
260 |b Academic press 
260 |b London 
260 |c 1972 
300 |a 469 Pages 
500 |a Tr. to Microbiology 
650 |a immunogenetics 
942 |c BK 
999 |c 15354  |d 15354 
952 |0 0  |1 0  |4 2  |6 616_079000000000000_MCDGE  |7 0  |9 15103  |a COVAS  |b COVAS  |d 0000-00-00  |o 616.079 MCD/GE  |p 7276  |r 2014-11-26  |w 2014-11-26  |y BK  |z Dept. of Microbiology